000 00471nam a2200181Ia 4500
008 240925s9999 xx 000 0 und d
020 _aNA
082 _a621.0922 AVA
100 _aAvallone, Eugene A.
245 0 _aMarks Standard Hand Book for Mechanical Engineers
250 _a9th
260 _aNA
_bNot Available
_cNA
300 _axxiv,1233p.
_bNA
_fPirated
500 _aIncludes Index
600 _aElectrical Engineering
650 _aTechnology
942 _cBK
999 _c6283
_d6283